Φορτώνει......
Management accountant
| Άλλοι συγγραφείς: | |
|---|---|
| Γλώσσα: | English |
| Έκδοση: |
Calcutta
Institute of cost and works
1996
|
| LEADER | 00540nam a22001457a 4500 | ||
|---|---|---|---|
| 005 | 20151215125730.0 | ||
| 008 | 100119t xxu||||| |||| 00| 0 eng d | ||
| 082 | |a 658.151 105 |b MA | ||
| 100 | |a Sen, Siddartha |e editor |9 21505 | ||
| 245 | |a Management accountant | ||
| 942 | |c BV |6 _ | ||
| 260 | |a Calcutta |b Institute of cost and works |c 1996 | ||
| 500 | |a Vol.no. 31, no. 7 July 96 to vol.31, no. 12 Dec 96 | ||
| 999 | |c 108863 |d 108863 | ||
| 952 | |0 0 |1 0 |2 ddc |4 0 |6 658151_105MA |7 0 |9 137247 |a SMS |b SMS |c REF |d 2010-01-19 |o 658.151 105 MA |p SMS019758 |r 2010-01-19 |w 2010-01-19 |y BV | ||